Objetivos estratégicos de Estados Unidos en Panamá /
Guardado en:
| Autor principal: | |
|---|---|
| Formato: | Desconocido |
| Lenguaje: | Spanish |
| Publicado: |
San José, Costa Rica :
[editor no identificado],
[fecha de publicación no identificada].
|
| Materias: | |
| Etiquetas: |
Agregar Etiqueta
Sin Etiquetas, Sea el primero en etiquetar este registro!
|
MARC
| LEADER | 000000000a22000000004500 | ||
|---|---|---|---|
| 001 | 003313 | ||
| 008 | 180202b xxu||||| |||| 00| 0 spa d | ||
| 041 | 0 | |a spa | |
| 082 | 0 | 4 | |a 327.730.728.7 |b C355o |
| 100 | 1 | |a Castro Herrera, Nils | |
| 245 | 1 | 0 | |a Objetivos estratégicos de Estados Unidos en Panamá / |c Nils Castro Herrera. |
| 260 | 1 | |a San José, Costa Rica : |b [editor no identificado], |c [fecha de publicación no identificada]. | |
| 300 | |a 23 páginas | ||
| 650 | 4 | |a PANAMA | |
| 650 | 4 | |a ESTADOS UNIDOS | |
| 650 | 4 | |a RELACIONES EXTERIORES | |
| 942 | |c BK |2 ddc | ||
| 999 | |c 9562 |d 9562 | ||
